[Event "BCF-chT3Sc 1516 (4NCL)"]
[Site "England"]
[Date "2016.04.30"]
[Round "9.87"]
[White "Pleasants, Allan J"]
[Black "Fogg, Martin"]
[Result "1-0"]
[WhiteElo "2049"]
[BlackElo "1982"]
[PlyCount "173"]
[EventDate "2016.03.20"]
[EventType "team-swiss"]
[EventRounds "11"]
[EventCountry "ENG"]
[SourceTitle "EXT 2017"]
[Source "ChessBase"]
[SourceDate "2016.10.25"]
[SourceVersion "1"]
[SourceVersionDate "2016.10.25"]
[SourceQuality "1"]
[WhiteTeam "Wessex"]
[BlackTeam "Anglian Avengers II"]
[WhiteTeamCountry "ENG"]
[BlackTeamCountry "ENG"]

1. e4 c5 2. d4 cxd4 3. c3 g6 4. Nf3 Bg7 5. Bc4 d6 6. cxd4 Nf6 7. Nc3 0-0 8. 0-0 Nfd7 9. Be3 Nc6 10. Qd2 Nb6 11. Be2 d5 12. Bh6 dxe4 13. Nxe4 Nd5 14. Bxg7 Kxg7 15. a3 Qc7 16. Nc3 Be6 17. Bb5 Rad8 18. Rac1 Qb6 19. Bxc6 bxc6 20. Na4 Qb5 21. Nc5 Bf5 22. Rfe1 Rfe8 23. Nh4 Bc8 24. f4 Nf6 25. Nf3 Rd5 26. h3 Nd7 27. Nxd7 Bxd7 28. Qc3 a5 29. Re5 a4 30. Rce1 e6 31. R5e2 Rc8 32. Ne5 Be8 33. Nd3 Rcd8 34. Re4 Kg8 35. Nb4 R5d6 36. Re5 Qb6 37. Qc5 Qxc5 38. dxc5 Rd2 39. R1e2 R2d4 40. g3 Kg7 41. Kf2 h5 42. R5e4 Rd1 43. Na2 R1d5 44. Rc4 h4 45. g4 Rd3 46. Rc3 R3d4 47. Ke3 f6 48. Nb4 e5 49. fxe5 fxe5 50. Rd3 Bf7 51. Red2 Rxd3+ 52. Nxd3 Kf6 53. Rf2+ Ke6 54. g5 Be8 55. Nb4 Rd1 56. Rf6+ Ke7 57. Nxc6+ Bxc6 58. Rxc6 Rh1 59. Rxg6 Rxh3+ 60. Ke4 Rb3 61. Kxe5 h3 62. Rg7+ Kf8 63. Rh7 Rxb2 64. Rxh3 Rb3 65. Rh7 Rxa3 66. Ra7 Rc3 67. Kf6 Rf3+ 68. Ke6 Re3+ 69. Kd6 a3 70. c6 Rd3+ 71. Ke6 Re3+ 72. Kd5 Rc3 73. g6 Kg8 74. Kd6 Rd3+ 75. Kc7 Re3 76. Kb8 Rb3+ 77. Ka8 a2 78. Rxa2 Rc3 79. Kb7 Rb3+ 80. Kc7 Kg7 81. Rg2 Rb1 82. Kc8 Rd1 83. c7 Rc1 84. Rg4 Rd1 85. Rg5 Rb1 86. Kd7 Rd1+ 87. Kc6 1-0

[Event "BCF-chT3 1415 (4NCL)"]
[Site "England"]
[Date "2015.05.02"]
[Round "10.99"]
[White "Carpenter, Dai"]
[Black "Fogg, Martin"]
[Result "1-0"]
[WhiteElo "1972"]
[BlackElo "1906"]
[PlyCount "111"]
[EventDate "2015.03.21"]
[EventType "team-swiss"]
[EventRounds "11"]
[EventCountry "ENG"]
[SourceTitle "EXT 2016"]
[Source "ChessBase"]
[SourceDate "2015.10.08"]
[SourceVersion "1"]
[SourceVersionDate "2015.10.08"]
[SourceQuality "1"]
[WhiteTeam "West is Best"]
[BlackTeam "Anglian Avengers II"]
[WhiteTeamCountry "ENG"]
[BlackTeamCountry "ENG"]

1. Nf3 c5 2. g3 g6 3. Bg2 Bg7 4. 0-0 d5 5. d3 Nf6 6. Nbd2 0-0 7. e4 dxe4 8. dxe4 Nc6 9. c3 Bg4 10. h3 Bxf3 11. Qxf3 Ne5 12. Qe3 Rc8 13. f4 Qd3 14. Nb3 Qxe3+ 15. Bxe3 Nd3 16. e5 Nd7 17. Bxb7 Rc7 18. Ba6 Nxb2 19. Bb5 c4 20. Nd2 Rb8 21. a4 Nc5 22. Bxc5 Rxc5 23. Rab1 Nd3 24. Bxc4 Rd8 25. Rf3 Ne1 26. Rxe1 Rxd2 27. Bb5 e6 28. Ree3 Bf8 29. Rd3 Rd5 30. Rxd5 Rxd5 31. Kf2 Bc5+ 32. Ke2 Kf8 33. g4 Ke7 34. h4 f6 35. Bc4 Rd7 36. f5 exf5 37. gxf5 gxf5 38. e6 Rb7 39. Rxf5 Bd6 40. Rh5 Kf8 41. Bd3 Kg8 42. Rd5 Be7 43. h5 Rb6 44. Bf5 Rd6 45. Rb5 Rb6 46. Kd3 h6 47. Rxb6 axb6 48. Kc4 Kf8 49. Kb5 Bd8 50. Kc6 Ke8 51. Bh3 Kf8 52. Kd7 Be7 53. Bf5 Bc5 54. c4 Bb4 55. Kc6 Ba5 56. Kb5 1-0

[Event "BCF-chT3 1415 (4NCL)"]
[Site "England"]
[Date "2015.03.21"]
[Round "7.40"]
[White "Fogg, Martin"]
[Black "Jackson, Gary"]
[Result "1-0"]
[WhiteElo "1906"]
[BlackElo "1849"]
[PlyCount "77"]
[EventDate "2015.03.21"]
[EventType "team-swiss"]
[EventRounds "11"]
[EventCountry "ENG"]
[SourceTitle "EXT 2016"]
[Source "ChessBase"]
[SourceDate "2015.10.08"]
[SourceVersion "1"]
[SourceVersionDate "2015.10.08"]
[SourceQuality "1"]
[WhiteTeam "Anglian Avengers III"]
[BlackTeam "Banbury Bulldogs"]
[WhiteTeamCountry "ENG"]
[BlackTeamCountry "ENG"]

1. e4 c5 2. Nf3 d6 3. d4 cxd4 4. Nxd4 Nf6 5. Nc3 g6 6. Be3 Bg7 7. Qd2 Nc6 8. f3 0-0 9. Bc4 Bd7 10. 0-0-0 Rc8 11. Bb3 Ne5 12. g4 b5 13. g5 Nh5 14. Nce2 Nc4 15. Bxc4 bxc4 16. Nc3 Rb8 17. Nde2 Qa5 18. Bd4 Bxd4 19. Qxd4 Qxg5+ 20. Kb1 Be6 21. Qxa7 Ra8 22. h4 Qf6 23. Qe3 Rfb8 24. Nd4 Bd7 25. Nd5 Qe5 26. f4 Qg7 27. Nxe7+ Kf8 28. Nd5 Ra6 29. Rhf1 Be6 30. Nc7 Rxb2+ 31. Kxb2 Rb6+ 32. Kc1 Bg4 33. Nde6+ fxe6 34. Qxb6 Qa1+ 35. Qb1 Qc3 36. Qb8+ Kg7 37. Ne8+ Kh6 38. Qxd6 Qe3+ 39. Kb1 1-0

[Event "Southend op 58th"]
[Site "Southend"]
[Date "2014.04.21"]
[Round "7"]
[White "Eames, Robert"]
[Black "Fogg, Martin"]
[Result "1-0"]
[WhiteElo "2228"]
[BlackElo "1934"]
[PlyCount "35"]
[EventDate "2014.04.18"]
[EventType "swiss"]
[EventRounds "7"]
[EventCountry "ENG"]
[SourceTitle "EXT 2016"]
[Source "ChessBase"]
[SourceDate "2015.10.08"]
[SourceVersion "1"]
[SourceVersionDate "2015.10.08"]
[SourceQuality "1"]

1. e4 c5 2. a3 g6 3. b4 Bg7 4. Nc3 d6 5. g3 Nf6 6. Bg2 0-0 7. Nge2 Nc6 8. Rb1 Bg4 9. f3 Bd7 10. bxc5 dxc5 11. Rxb7 Qc8 12. Rb1 Rd8 13. 0-0 e5 14. d3 Be6 15. Bg5 Rd7 16. f4 Ng4 17. f5 Bc4 18. h3 1-0

[Event "Southend op 58th"]
[Site "Southend"]
[Date "2014.04.18"]
[Round "2"]
[White "White, Graham C"]
[Black "Fogg, Martin"]
[Result "1-0"]
[WhiteElo "1821"]
[BlackElo "1934"]
[PlyCount "101"]
[EventDate "2014.04.18"]
[EventType "swiss"]
[EventRounds "7"]
[EventCountry "ENG"]
[SourceTitle "EXT 2016"]
[Source "ChessBase"]
[SourceDate "2015.10.08"]
[SourceVersion "1"]
[SourceVersionDate "2015.10.08"]
[SourceQuality "1"]

1. e4 c5 2. Nf3 d6 3. d4 cxd4 4. Nxd4 Nf6 5. Nc3 a6 6. Be2 e5 7. Nb3 Be7 8. 0-0 0-0 9. Be3 b5 10. a3 Bb7 11. f3 Nbd7 12. Qe1 Nb6 13. Qf2 Nfd7 14. Na5 Rb8 15. Nxb7 Rxb7 16. Bxb6 Nxb6 17. Nd5 Nxd5 18. exd5 Rc7 19. c3 Rc5 20. Rfd1 Qa8 21. a4 Qb7 22. axb5 axb5 23. Bd3 Bd8 24. Qc2 g6 25. Kf1 f5 26. Qb3 Rf7 27. Be2 Kg7 28. g3 Re7 29. Kg2 e4 30. fxe4 Rxe4 31. Bf3 Re5 32. Re1 Bf6 33. Rxe5 Bxe5 34. Qd1 b4 35. cxb4 Qxb4 36. Ra7+ Kf6 37. b3 Rc3 38. Rxh7 Rxb3 39. Rc7 Rb2+ 40. Rc2 Rb1 41. Qe2 Qb6 42. Kh3 g5 43. g4 Rb3 44. Kg2 Rb1 45. gxf5 Rg1+ 46. Kh3 Qa7 47. Rc4 Qh7+ 48. Bh5 g4+ 49. Kh4 Qe7 50. Rxg4 Kxf5+ 51. Kh3 1-0

[Event "BCF-chT3S 1314 (4NCL)"]
[Site "England"]
[Date "2014.02.16"]
[Round "6.115"]
[White "Fogg, Martin"]
[Black "Dickinson, Timothy R"]
[Result "1/2-1/2"]
[WhiteElo "1935"]
[BlackElo "2134"]
[PlyCount "188"]
[EventDate "2013.11.16"]
[EventType "team-swiss"]
[EventRounds "6"]
[EventCountry "ENG"]
[SourceTitle "EXT 2015"]
[Source "ChessBase"]
[SourceDate "2014.11.20"]
[SourceVersion "1"]
[SourceVersionDate "2014.11.20"]
[SourceQuality "1"]
[WhiteTeam "Anglian Avengers III"]
[BlackTeam "Oxford II"]
[WhiteTeamCountry "ENG"]
[BlackTeamCountry "ENG"]

1. e4 c6 2. d4 d5 3. Nc3 dxe4 4. Nxe4 Nd7 5. Nf3 Ngf6 6. Nxf6+ Nxf6 7. Bd3 Bg4 8. c3 e6 9. h3 Bxf3 10. Qxf3 Qd5 11. Qxd5 cxd5 12. 0-0 Bd6 13. Re1 Kd7 14. Bd2 Nh5 15. g3 Rac8 16. Rac1 a6 17. c4 dxc4 18. Bxc4 Nf6 19. Kg2 Nd5 20. a3 Rc6 21. Bd3 Rxc1 22. Rxc1 f5 23. Re1 Be7 24. Bc4 Bf6 25. Bc3 Rc8 26. Bb3 Rc6 27. Bxd5 exd5 28. Kf3 Rc4 29. Ke3 a5 30. Kd3 a4 31. Re2 Rc6 32. Bd2 Rb6 33. Bb4 Re6 34. Rxe6 Kxe6 35. Bd2 Bd8 36. Bf4 g5 37. Be5 h5 38. f3 g4 39. hxg4 fxg4 40. fxg4 hxg4 41. Kc3 Ba5+ 42. Kc2 Kf5 43. Kd3 Bd8 44. Bf4 Ke6 45. Be5 Kd7 46. Ke3 Bg5+ 47. Bf4 Bf6 48. Be5 Bg5+ 49. Bf4 Bd8 50. Be5 Ba5 51. Kd3 Kc6 52. Bf4 Kd7 53. Be5 b5 54. Bf4 b4 55. axb4 Bxb4 56. Be5 Ke6 57. Bf4 Kf5 58. Be5 Be1 59. Bf4 Kf6 60. Be5+ Ke7 61. Bf4 Kd7 62. Kc2 Kc6 63. Kd3 Kb5 64. Bd6 Ba5 65. Bf4 Be1 66. Ke2 Bb4 67. Kd3 Kb6 68. Be5 Ka5 69. Bc7+ Ka6 70. Bf4 Kb6 71. Be5 Be1 72. Bf4 Kc6 73. Ke2 Bb4 74. Kd3 Kb5 75. Be5 Be1 76. Bd6 Bf2 77. Kc3 Be3 78. Kd3 Bg5 79. Kc3 Bd8 80. Kd3 Ba5 81. Bf4 Be1 82. Ke2 Bxg3 83. Bxg3 Kc4 84. Kd2 Kxd4 85. Bf2+ Kc4 86. Kc2 Kb4 87. Bg3 d4 88. Kd3 Kb3 89. Kxd4 Kxb2 90. Ke4 a3 91. Be5+ Kb1 92. Kf4 a2 93. Kxg4 a1R 94. Bxa1 Kxa1 1/2-1/2

[Event "BCF-chT3 1112 (4NCL)"]
[Site "England"]
[Date "2012.05.07"]
[Round "9.181"]
[White "Fegan, Chris"]
[Black "Fogg, Martin"]
[Result "1-0"]
[WhiteElo "2012"]
[BlackElo "1920"]
[PlyCount "47"]
[EventDate "2011.11.12"]
[EventType "team-swiss"]
[EventRounds "11"]
[EventCountry "ENG"]
[SourceTitle "EXT 2013"]
[Source "ChessBase"]
[SourceDate "2012.11.22"]
[SourceVersion "1"]
[SourceVersionDate "2012.11.22"]
[SourceQuality "1"]
[WhiteTeam "Metropolitan"]
[BlackTeam "Anglian Avengers III"]
[WhiteTeamCountry "ENG"]
[BlackTeamCountry "ENG"]

1. e4 c5 2. Nf3 d6 3. d4 cxd4 4. c3 Nf6 5. Qc2 g6 6. cxd4 Bg7 7. Bc4 0-0 8. 0-0 Nc6 9. h3 d5 10. exd5 Nxd5 11. Nc3 Nb6 12. Be2 Nxd4 13. Nxd4 Qxd4 14. Be3 Qh4 15. Rad1 Be6 16. Bf3 Nc4 17. Bc5 Be5 18. Nd5 Bxh3 19. Bxe7 f6 20. Qe4 Bg4 21. Nxf6+ Rxf6 22. Qxc4+ Kg7 23. Bxf6+ Kxf6 24. g3 1-0

[Event "BCF-chT3 1112 (4NCL)"]
[Site "England"]
[Date "2012.04.01"]
[Round "8.152"]
[White "Fogg, Martin"]
[Black "Andolo, Humphrey"]
[Result "0-1"]
[WhiteElo "1920"]
[BlackElo "2157"]
[PlyCount "50"]
[EventDate "2011.11.12"]
[EventType "team-swiss"]
[EventRounds "11"]
[EventCountry "ENG"]
[SourceTitle "EXT 2013"]
[Source "ChessBase"]
[SourceDate "2012.11.22"]
[SourceVersion "1"]
[SourceVersionDate "2012.11.22"]
[SourceQuality "1"]
[WhiteTeam "Anglian Avengers III"]
[BlackTeam "Bristol II"]
[WhiteTeamCountry "ENG"]
[BlackTeamCountry "ENG"]

1. e4 c5 2. Nf3 d6 3. d4 cxd4 4. Nxd4 Nf6 5. Nc3 a6 6. Be3 Ng4 7. Bg5 h6 8. Bh4 g5 9. Bg3 Bg7 10. Be2 Nf6 11. Qd2 Qb6 12. Nb3 Nc6 13. 0-0-0 Be6 14. h4 g4 15. f4 Bxb3 16. axb3 Qa5 17. Kb1 Nb4 18. Bd3 Rc8 19. Qe3 Rxc3 20. bxc3 Nfd5 21. exd5 Nxd5 22. Qa7 Nxc3+ 23. Kc1 Na2+ 24. Kb1 0-0 25. Bf2 Qa3 0-1

[Event "BCF-chT3 1011 (4NCL)"]
[Site "England"]
[Date "2011.04.30"]
[Round "9.33"]
[White "Evans, Craig"]
[Black "Fogg, Martin"]
[Result "1/2-1/2"]
[WhiteElo "2026"]
[BlackElo "1923"]
[PlyCount "35"]
[EventDate "2010.11.06"]
[EventType "team-swiss"]
[EventRounds "9"]
[EventCountry "ENG"]
[SourceTitle "EXT 2012"]
[Source "ChessBase"]
[SourceDate "2011.11.24"]
[SourceVersion "1"]
[SourceVersionDate "2011.11.24"]
[SourceQuality "1"]
[WhiteTeam "Celtic Tigers"]
[BlackTeam "Anglian Avengers II"]
[WhiteTeamCountry "ENG"]
[BlackTeamCountry "ENG"]

1. d4 Nf6 2. Bg5 e6 3. Nc3 h6 4. Bh4 d5 5. Qd3 Be7 6. Nf3 0-0 7. 0-0-0 c5 8. e3 c4 9. Qe2 a6 10. Ne5 b5 11. Bxf6 Bxf6 12. Ng4 Bd7 13. Nxf6+ Qxf6 14. Qf3 b4 15. Ne2 a5 16. Nf4 Nc6 17. Nh5 Qg6 18. Nf4 1/2-1/2